1856 1849 1685 1950 1077 1003 1397 1569 1421 1492 1557 1979 1236 1165 1800 1841 1523 1773 1777 1007 1759 1324 1962 1087 1225 1976 1186 1467 1999 1486 1548 1453 1015 1279 1948 1646 1297 1861 1863 1641 1527 1870 1570 1136 1970 1366 1949 1589 1044 1757 1153 1697 1372 1709 1506 1322 1967 1747 1529 1103 1505 1016 1288 1417 1472 1324 1576 1076 1580 1182 1135 1119 1697 1638 1749 1724 1211 1706 1344 1832 1296 1442 1177 1820 1304 1843 1508 1542 1828 1429 1922 1830 1893 1632 1659 1053 1619 1828 1013 BCNSPRNW ULIB Ver.6.0+V

เปลี่ยนเป็นภาษาไทย

Change to English
 แสดงรายละเอียดบรรณานุกรม
  กลับหน้าหลัก

Brief Record : Get Marc (ISO 2709) : E-mail record : QR code < ปิดหน้าต่าง
LEADER : 00000nam 2200000uu 4500
001    13399112424
003     ULIB
008    110220s2543||||th 000 0 tha d
020    9742936188
050  4 HM141^bอ689ก 2543
100 0  อำภา กันทะเป็ง
245 00 การพัฒนาภาวะผู้นำสำหรับนักศึกษาพยาบาล/^cอำภา กันทะเป็ง
260    นครสวรรค์:^bวิทยาลัยพยาบาลบรมราชชนนี สวรรค์ประชารักษ์ นครสวรรค์,^c2543
300    65 หน้า
650  7 นักศึกษาพยาบาล
650  7 การพัฒนาความรู้
710 1  กระทรวงสาธารณสุข.^bสถาบันพระบรมราชนก.^bวิทยาลัยพยาบาลบรมราชชนนี สวรรค์ประชารักษ์ นครสวรรค์.
945    ^p0^l0^i012792
995    ทศพร
999 ^a ใช้งานได้ทุกระบบ
รายการนี้ยังไม่มีแท็ก
คุณยังไม่ได้ล็อกอิน คุณสามารถมีกิจกรรมร่วมกับเว็บไซต์ได้ แต่ต้องล็อกอินก่อน ::
  ล็อกอิน

รายการสื่อสารสนเทศ

ลำดับที่ ประเภท เลขเรียก/บาร์โค้ด สถานที่ สถานะ
- ไม่พบข้อมูล -

รายการใกล้เคียง
    ผู้แต่ง [อำภา กันทะเป็ง]

    หัวเรื่อง [นักศึกษาพยาบาล]

BibComment


ยังไม่เคยถูกคอมเมนท์

คอมเมนท์ทรัพยากรรายการนี้
  คอมเมนท์: การพัฒนาภาวะผู้นำ..


 Copyright 2026. Bcnsprnw @Library